Calculus with Analytic Geometry (Record no. 293596)

000 -LEADER
fixed length control field 00260 a2200109 4500
001 - CONTROL NUMBER
control field 58523
082 ## - DEWEY DECIMAL CLASSIFICATION NUMBER
Classification number 515 ANT
090 ## - LOCALLY ASSIGNED LC-TYPE CALL NUMBER (OCLC); LOCAL CALL NUMBER (RLIN)
-- 35895
-- 35895
100 ## - MAIN ENTRY--PERSONAL NAME
Personal name Anton Howard
245 ## - TITLE STATEMENT
Title Calculus with Analytic Geometry
260 ## - PUBLICATION, DISTRIBUTION, ETC.
Place of publication, distribution, etc. New york
Name of publisher, distributor, etc. John Wiley and Sons
Date of publication, distribution, etc. 1988
942 ## - ADDED ENTRY ELEMENTS (KOHA)
Institution code [OBSOLETE] NUST-CAE
Call number prefix 515 ANT
Holdings
Withdrawn status Lost status Damaged status Not for loan Collection code Permanent Location Current Location Date acquired Total Checkouts Full call number Barcode Date last seen Price effective from Koha item type
          College of Aeronautical Engineering (CAE) College of Aeronautical Engineering (CAE) 04/03/2017   515 ANT CAE53753 04/05/2017 04/05/2017 Book
          College of Aeronautical Engineering (CAE) College of Aeronautical Engineering (CAE) 04/03/2017   515 ANT CAE58340 04/05/2017 04/05/2017 Book
          College of Aeronautical Engineering (CAE) College of Aeronautical Engineering (CAE) 04/03/2017   515 ANT CAE53753A 04/05/2017 04/05/2017 Book
© 2023 Central Library, National University of Sciences and Technology. All Rights Reserved.